000 00568nam a2200241 a 4500
001 nice12345678
003 IN_TiNIC
005 20260116011502.0
008 050524s1958 gena grp 000 0 eng
020 _a
_c100
082 0 0 _a269.2
_bSTR1
100 _aStrong, Tracy
245 _aPilgrimage into the World of Islam
260 _aGeneva
_bY M C a
_c1958
300 _a143p
500 _aincludes index and biblioraphy
505 2 _aIndex
650 _aEvangelistic Work
700 1 _aStrong, Tracy
902 _bSRS
942 _cBK
999 _c1955
_d1955